Frailes y clérigos / (Record no. 114739)
[ view plain ]
| 000 -LEADER | |
|---|---|
| campo de control de longitud fija | 00992nam a2200265 i 4500 |
| 001 - NÚMERO DE CONTROL | |
| campo de control | 114739 |
| 003 - IDENTIFICADOR DE NÚMERO DE CONTROL | |
| campo de control | ES-MaACL |
| 005 - FECHA Y HORA DE LA ÚLTIMA TRANSACCIÓN | |
| campo de control | 20230906190235.0 |
| 007 - CAMPO FIJO DE DESCRIPCIÓN FÍSICA--INFORMACIÓN GENERAL | |
| campo de control de longitud fija | t| |
| 008 - DATOS DE LONGITUD FIJA--INFORMACIÓN GENERAL | |
| campo de control de longitud fija | 070322s1890 sp ||||1| spa d |
| 080 ## - NÚMERO DE LA CLASIFICACIÓN DECIMAL UNIVERSAL | |
| Número de la Clasificación Decimal Universal | 262.14(599) |
| 080 ## - NÚMERO DE LA CLASIFICACIÓN DECIMAL UNIVERSAL | |
| Número de la Clasificación Decimal Universal | 94(599)"15/18" |
| 100 1# - ENTRADA PRINCIPAL--NOMBRE DE PERSONA | |
| Nombre de persona | Retana, W. E. |
| 9 (RLIN) | 143306 |
| 245 10 - MENCIÓN DEL TÍTULO | |
| Título | Frailes y clérigos / |
| Mención de responsabilidad, etc. | por Wenceslao E. Retana ("Desengaños"). |
| 260 ## - PUBLICACIÓN, DISTRIBUCIÓN, ETC. | |
| Lugar de publicación, distribución, etc. | Madrid : |
| Nombre del editor, distribuidor, etc. | Librería de Fernando Fé ; |
| Lugar de publicación, distribución, etc. | Manila : |
| Nombre del editor, distribuidor, etc. | Librería de Amigos del País, |
| Fecha de publicación, distribución, etc. | 1890. |
| 300 ## - DESCRIPCIÓN FÍSICA | |
| Extensión | XXII, 131 p. ; |
| Dimensiones | 19 cm. |
| 490 1# - MENCIÓN DE SERIE | |
| Mención de serie | Folletos filipinos ; |
| Designación de volumen o secuencia | 1 |
| 530 ## - NOTA DISPONIBLE DE FORMULARIO FÍSICO ADICIONAL | |
| Nota de formato físico adicional disponible | Disponible también en sitio web. |
| 650 #4 - PUNTO DE ACCESO ADICIONAL DE MATERIA--TÉRMINO DE MATERIA | |
| Término de materia o nombre geográfico como elemento de entrada | Órdenes y congregaciones religiosas- |
| Subdivisión geográfica | Filipinas. |
| 9 (RLIN) | 15749 |
| 651 #4 - PUNTO DE ACCESO ADICIONAL DE MATERIA--NOMBRE GEOGRÁFICO | |
| Nombre geográfico | Filipinas- |
| Subdivisión general | Historia- |
| Subdivisión cronológica | 1521-1812. |
| 9 (RLIN) | 8659 |
| 830 0# - PUNTO DE ACCESO ADICIONAL DE SERIE-TÍTULO UNIFORME | |
| Título uniforme | Folletos filipinos ; |
| Designación de volumen o secuencia | 1 |
| 9 (RLIN) | 188430 |
| 852 ## - LOCALIZACIÓN | |
| Ubicación | ES-MaACL |
| Número de control de estantería | D-3497 |
| 856 ## - LOCALIZACIÓN Y ACCESO ELECTRÓNICOS | |
| Identificador Uniforme de Recursos | <a href="http://bibliotecadigitalhispanica.bne.es:80/webclient/DeliveryManager?pid=1884224&custom_att_2=simple_viewer">http://bibliotecadigitalhispanica.bne.es:80/webclient/DeliveryManager?pid=1884224&custom_att_2=simple_viewer</a> |
| Nota pública | Ir a la página |
| Estatus retirado | Estado de pérdida | Estado de daño | No para préstamo | Colección | Biblioteca de origen | Biblioteca actual | Ubicación en estantería | Fecha de adquisición | Fuente de adquisición | Total de préstamos | Signatura topográfica completa | Código de barras | Visto por última vez | Precio de reemplazo | Tipo de ítem Koha |
|---|---|---|---|---|---|---|---|---|---|---|---|---|---|---|---|
| Colección digital | Biblioteca del Ateneo de Madrid | Biblioteca del Ateneo de Madrid | Sala Valle Inclán | 17/01/2008 | D-3497 | 901119651 | 23/02/2023 | 23/02/2023 | Libro impreso antiguo |
